Walt Disney / (Record no. 9819)

MARC details
000 -LEADER
fixed length control field 01021nam a22003017a 4500
001 - CONTROL NUMBER
control field 9819
003 - CONTROL NUMBER IDENTIFIER
control field FISKH
005 - DATE AND TIME OF LATEST TRANSACTION
control field 20260227084040.0
008 - FIXED-LENGTH DATA ELEMENTS--GENERAL INFORMATION
fixed length control field 260227b cb ||||| |||| 00| 0 eng d
020 ## - INTERNATIONAL STANDARD BOOK NUMBER
International Standard Book Number 9780531247068
040 ## - CATALOGING SOURCE
Original cataloging agency FISKH
Language of cataloging eng
Transcribing agency FISKH
Modifying agency FISKH
050 ## - LIBRARY OF CONGRESS CALL NUMBER
Classification number NC1766 .U52 .D547
082 ## - DEWEY DECIMAL CLASSIFICATION NUMBER
Classification number 791.43092
100 ## - MAIN ENTRY--PERSONAL NAME
Personal name Mattern , Joanne
245 ## - TITLE STATEMENT
Title Walt Disney /
Statement of responsibility, etc. By Joanne Mattern
260 ## - PUBLICATION, DISTRIBUTION, ETC.
Place of publication, distribution, etc. New York :
Name of publisher, distributor, etc. Scholastic ,
Date of publication, distribution, etc. 2003.
300 ## - PHYSICAL DESCRIPTION
Extent 32 pages :
Other physical details color illustratios ;
Dimensions 18 cm .
490 ## - SERIES STATEMENT
Series statement Rookie Biographies
505 ## - FORMATTED CONTENTS NOTE
Formatted contents note M <br/>
520 ## - SUMMARY, ETC.
Summary, etc. A simple biography of the animator and famous entrepreneur, from his early life and career to his rise to fame and the legacy of the Disney company after his death.
521 8# - TARGET AUDIENCE NOTE
Target audience note 560 <br/>
Source Lexile <br/>
521 8# - TARGET AUDIENCE NOTE
Target audience note M <br/>
Source Raz-Plus <br/>
650 ## - SUBJECT ADDED ENTRY--TOPICAL TERM
Topical term or geographic name entry element Disney Walt 1901-1966
Form subdivision Juvenile Literature
650 ## - SUBJECT ADDED ENTRY--TOPICAL TERM
Topical term or geographic name entry element Animators- United States-Biography
Form subdivision Juvenile Literature
700 ## - ADDED ENTRY--PERSONAL NAME
Personal name Shepherd , Jodie
Relator term Poet
942 ## - ADDED ENTRY ELEMENTS (KOHA)
Source of classification or shelving scheme Dewey Decimal Classification
Koha item type Books
Suppress in OPAC No
Holdings
Withdrawn status Lost status Source of classification or shelving scheme Damaged status Not for loan Collection Home library Current library Shelving location Date acquired Total Checkouts Full call number Barcode Date last seen Price effective from Koha item type
    Dewey Decimal Classification     Non-Fiction Footprints International School Library Network Toul Tom Poung Campus Footprints International School Library Network Toul Tom Poung Campus TTP Primary Yellow Bookshelves 02/27/2026   MAT 791.43092 NC1766 .U52 .D547 FISTK03242 02/27/2026 02/27/2026 Books